| 000 | 01835aam a2200409 i 4500 | ||
|---|---|---|---|
| 999 |
_c43170 _d43170 |
||
| 001 | 768717001 | ||
| 003 | CO-MdFUSB | ||
| 005 | 20200416225219.0 | ||
| 007 | ta | ||
| 007 | cr aa aaaaa | ||
| 008 | 200326t2007 sp |||| |||| 00| 0 spa d | ||
| 020 |
_a9788481697148 _qImpreso |
||
| 020 |
_a9788481699708 _qelectrónico |
||
| 040 |
_bspa. _aCO-MdFUSB _cCO-MdFUSB _dCO-MdFUSBC _erda |
||
| 041 | _aspa | ||
| 082 | 0 | 4 |
_a23 _2232.95 _bG952j |
| 100 | 1 |
_aGuijarro Oporto, Santiago (1957-) _eautor |
|
| 245 | 1 | 0 |
_aJesús y sus primeros discípulos _c/ Santiago Guijarro Oporto _h[Físico y electrónico] |
| 264 | 1 |
_aEspaña : _bVerbo Divino, _c[2007] |
|
| 264 | 4 | _c© 2007 | |
| 300 |
_a288 páginas _c; 23 cm |
||
| 336 |
_atexto _btxt _2rdacontent |
||
| 337 |
_2rdamedia _asin mediación _bn |
||
| 337 |
_2rdamedia _ainformático _bc |
||
| 338 |
_2rdacarrier _avolumen _bnc |
||
| 338 |
_2rdacarrier _aremoto _bcr |
||
| 505 | 0 | _a- La tradición oral sobre Jesús - El "Documento Q" y el Jesús histórico - El comportamiento filial de Jesús - El significado de los exorcismos de Jesús - Relatos de sanación y antropología médica - La familia en el movimiento de Jesús - El relato pre-marquiano de la pasión y la comunidad de Jerusalén - Los primeros discípulos en Galilea - Los comienzos del cristianismo en Judea y Galilea | |
| 506 | _aPréstamos en biblioteca del libro físico | ||
| 506 | _aSolicitar clave y usuario para acceder al libro electrónico | ||
| 563 | _arústico | ||
| 650 | 7 |
_9239 _aCristología |
|
| 650 | 7 |
_9482 _aCrítica textual |
|
| 856 |
_uhttp://search.ebscohost.com/login.aspx?direct=true&scope=site&db=nlebk&db=nlabk&AN=861584 _b861584 _zAbrir versión electrónica del libro Jesús y sus primeros discípulos |
||
| 942 | _cBK | ||
| 945 | _aJTF-925 | ||